Rozpoznaj Uczelnie Techniczne (Politechniki) w Polsce po Logo - Statystyki

Ogólne statystyki
  • Ten quiz został rozwiązany 40 razy
  • Średni wynik to 10 z 17
Statystyki odpowiedzi
Obrazkowy Odpowiedź % Poprawnych
Politechnika Łódzka
96%
Politechnika Gdańska
93%
Politechnika Krakowska im. Tadeusza Kościuszki
93%
Politechnika Wrocławska
82%
Politechnika Lubelska
75%
Politechnika Opolska
75%
Politechnika Poznańska
71%
Politechnika Rzeszowska im. Ignacego Łukasiewicza
68%
Politechnika Śląska
64%
Akademia Górniczo-Hutnicza im. Stanisława Staszica w Krakowie
61%
Politechnika Bydgoska im. Jana i Jędrzeja Śniadeckich
57%
Politechnika Warszawska
46%
Zachodniopomorski Uniwersytet Technologiczny w Szczecinie
32%
Politechnika Białostocka
29%
Politechnika Świętokrzyska
29%
Politechnika Częstochowska
18%
Politechnika Koszalińska
18%
Nie znaleziono quizów pasujących do podanych kryteriów
Rozkład punktacji
Procent ludzi z każdym wynikiem
Percentyl według liczby udzielonych odpowiedzi
Twoja historia wyników
Nie rozwiązałeś tego quizu